Arbre Généalogique Dumbledore (Harry Potter) - Statistiques

Statistiques générales
  • Ce quiz a été pris 615 fois
  • Le résultat moyen est 7 sur 8
Statistiques - réponses
Réponse % Correct
Albus
99%
Ariana
94%
Abelforth
92%
Dumbledore
92%
Perceval
90%
Brian
84%
Kendra
75%
Wulfric
75%
Aucun quiz correspondant
Distribution des résultats
% des personnes avec chaque résultat
Percentile par nombre de réponses
Votre historique - résultats
Vous n’avez pas pris ce quiz